| 000 | 01080nam0a22002411i 4500 | ||
|---|---|---|---|
| 001 | rc\3824717 | ||
| 005 | 20240726045540.0 | ||
| 021 |
_aRU _b[77-1038а] |
||
| 035 | _a(NLR Aleph) 007272665 | ||
| 090 |
_a5426000 _c5426000 |
||
| 100 | _a20120410d1976 |||y0rusy50 ca | ||
| 101 | 0 | _arus | |
| 102 |
_aRU _aRU |
||
| 105 | _ay d ||||| | ||
| 200 | 1 |
_aОсобенности этнической истории и этнографических черт культуры таджикского населения Бухарского оазиса _e(Конец XIX - начало XX века) _eАвтореф. дис. на соиск. учен. степени канд. ист. наук _e(07.00.07) _fИн-т этнографии им. Н.Н. Миклухо-Маклая АН СССР |
|
| 210 |
_aЛенинград _d1976 |
||
| 215 | _a21 с. | ||
| 320 | _aСписок работ авт.: с. 20-21 (8 назв.) | ||
| 700 | 1 |
_aЛюшкевич _bФ.Д. _gФаня Давыдовна |
|
| 801 | 0 |
_aRU _bNLR _gpsbo |
|
| 801 | 1 |
_aRU _bELAR _2rusmarc |
|
| 852 |
_aNLR _j77-4/7471 |
||
| 942 | _cBOOK | ||